NFL Starting Quarterbacks 2015-16 - Statistics

General Stats
  • This quiz has been taken 2,178 times
  • The average score is 26 of 32
Answer Stats
Hint Answer % Correct
New York Giants Eli Manning
99%
Denver Broncos Peyton Manning
97%
New England Tom Brady
96%
Green Bay Packers Aaron Rodgers
95%
New Orleans Saints Drew Brees
95%
Carolina Panthers Cam Newton
94%
Atlanta Falcons Matt Ryan
93%
Seattle Seahawks Russell Wilson
93%
Dallas Cowboys Tony Romo
92%
Detroit Lions Matthew Stafford
91%
Kansas City Chiefs Alex Smith
89%
Baltimore Ravens Joe Flacco
88%
San Diego Chargers Philip Rivers
88%
Tampa Bay Buccaneers Jameis Winston
87%
Washington Redskins Kirk Cousins
87%
Indianapolis Colts Andrew Luck
86%
Cincinnati Bengals Andy Dalton
86%
Oakland Raiders Derek Carr
86%
Arizona Cardinals Carson Palmer
85%
Chicago Bears Jay Cutler
83%
Miami Dolphins Ryan Tannehill
79%
Pittsburgh Steelers Ben Roethlisberger
77%
Jacksonville Jaguars Blake Bortles
76%
Tennessee Titans Marcus Mariota
75%
Buffalo Bills Tyrod Taylor
75%
New York Jets Ryan Fitzpatrick
73%
Minnesota Vikings Teddy Bridgewater
72%
St Louis Rams Nick Foles
71%
Philadelphia Eagles Sam Bradford
66%
San Francisco 49ers Colin Kaepernick
64%
Cleveland Browns Josh McCown
42%
Houston Texans Brian Hoyer
39%
No matching quizzes found
Score Distribution
Percent of People with Each Score
Percentile by Number Answered
Your Score History
You have not taken this quiz